000 00441nam a2200157 a 4500
001 000013670
005 20200929163315.0
008 091127s1979 dr r 000 0 spa d
040 _aDO-SdBNP
_bspa
_cBNPHU
082 _axxxx
_bC292d
100 1 _aCaro, Nestor
_928670
245 1 0 _aDesde un tambor solitario /
_cNestor Caro.
260 _aSanto Domingo :
_bDel Caribe,
_c1979.
300 _a362 p. ;
_c21 cm.
590 _aInventariado, 2019/BT
999 _c13284
_d13284